Qualitative research methods for the social sciences
Wedi'i Gadw mewn:
| Prif Awdur: | |
|---|---|
| Fformat: | Llyfr |
| Iaith: | Undetermined |
| Cyhoeddwyd: |
Pearson
|
| Pynciau: | |
| Tagiau: |
Ychwanegu Tag
Dim Tagiau, Byddwch y cyntaf i dagio'r cofnod hwn!
|
| Thư viện lưu trữ: | Trung tâm Học liệu Trường Đại học Cần Thơ |
|---|
| LEADER | 00545nam a2200193Ia 4500 | ||
|---|---|---|---|
| 001 | CTU_223900 | ||
| 008 | 210402s9999 xx 000 0 und d | ||
| 020 | |c 401000 | ||
| 082 | |a 300.72 | ||
| 082 | |b B493 | ||
| 100 | |a Berg, Bruce L. | ||
| 245 | 0 | |a Qualitative research methods for the social sciences | |
| 245 | 0 | |c Bruce L. Berg | |
| 260 | |b Pearson | ||
| 650 | |a Khoa học xã hội | ||
| 650 | |x Phương pháp luận | ||
| 650 | |y Nghiên cứu | ||
| 910 | |b vdbang | ||
| 980 | |a Trung tâm Học liệu Trường Đại học Cần Thơ | ||